Statistics for Country Anagram Puzzle #3

Click here to take the quiz!

General Stats

  • This quiz has been taken 661 times
  • The average score is 14 of 24

Answer Stats

HintAnswer% Correct
YEARNGMGermany
92%
ADORNARAndorra
91%
BUGLEIMBelgium
88%
ANGRYHUHungary
88%
BANALAIAlbania
84%
SALIVAKOSlovakia
79%
MANIABINamibia
78%
SALAMIAYMalaysia
75%
OPIATEHIEthiopia
68%
PATROLGUPortugal
68%
AIRBAGLUBulgaria
67%
SONATABWBotswana
63%
LATINADHThailand
63%
NAUTILIAHLithuania
61%
ABSORBADBarbados
54%
ASININEDOIndonesia
51%
HANDBAGSELBangladesh
37%
INSTRUMENTAKTurkmenistan
37%
ADHERENTSLNNetherlands
35%
FRACTIOUSAHSouth Africa
32%
MANSIONARSan Marino
28%
REPAVEDCECape Verde
23%
OVERALLSADEl Salvador
23%
LUNATICSAISaint Lucia
22%

Score Distribution

Percentile by Number Answered

Percent of People with Each Score

Your Score History

You have not taken this quiz